Visualizzazione normale
Vista MARC
- Vázquez, Gabriel
di Personal Name
Records bibliografici associati: 1
001 - CONTROL NUMBER
- control field: 22832
003 - CONTROL NUMBER IDENTIFIER
- control field: IT-RoINE
005 - DATE AND TIME OF LATEST TRANSACTION
- control field: 20160309100849.0
008 - FIXED-LENGTH DATA ELEMENTS
- fixed length control field: 160309|| aca||aabn | a|a d
040 ## - CATALOGING SOURCE
- Original cataloging agency: IT-RoINE
- Transcribing agency: IT-RoINE
100 ## - HEADING--PERSONAL NAME
- Personal name: Vázquez, Gabriel
- Dates associated with a name: 1549-1604
670 ## - SOURCE DATA FOUND
- Source citation: Work cat.: (IT-RoINE)0: Maldonado Arenas, Luis, 1930- 13553, El comentario de Gabriel Vázquez a la "Quaestio I" de la Summa en la perspectiva de la problemática contemporánea planteada en torno a la esencia de la teología /, 1964.